| 000 | nam a22 a 4500 | ||
|---|---|---|---|
| 999 |
_c402841 _d402841 |
||
| 003 | BLK | ||
| 005 | 20210402102253.0 | ||
| 008 | 180409b bul|||||r ||||||| ||bul|| | ||
| 040 | _aBLK | ||
| 041 |
_aFRE _cFRE |
||
| 080 |
_aПолитика. Вж и 341 ; 342 _b32 _z32(44)(092) |
||
| 139 | _aOeuvres politiques de Benjamin Constant | ||
| 245 | 1 | 0 |
_aOeuvres politiques de Benjamin Constant _cavec introduction, notes et index Par Charles Louandre |
| 257 | _aFRA | ||
| 260 |
_bG. Charpentier _c1874 _9435940 _aParis |
||
| 300 |
_aXXVIII, 432 p. _c19 cm |
||
| 380 | _a3 | ||
| 490 |
_9435080 _aКолекция Редки и ценни издания |
||
| 600 | 0 |
_9444621 _aConstant, Benjamin |
|
| 650 | 0 |
_9246187 _aПолитици, френски |
|
| 700 |
_91559 _aLouandre, Charles _eсъстав., предг. и бел. |
||
| 852 |
_aРф 874 _bРц |
||
| 856 | 4 | _qpdf | |
| 856 | 4 | _qpdf | |
| 942 |
_cKNG _n0 _s1 |
||
| 944 |
_aCR _c2021-03-25 _kNR |
||
| 999 | _d402841 | ||
| 999 | _d402841 | ||